[Event "AICF Women GM 2018"]
[Site "Mumbai"]
[Date "2018.06.13"]
[Round "2"]
[White "Aakanksha Hagawane"]
[Black "Rakshitta Ravi"]
[Result "1-0"]
[WhiteElo "2297"]
[BlackElo "2067"]
[Annotator "TA"]
[PlyCount "111"]
[EventDate "2018.??.??"]
[EventType "tourn"]
[EventCountry "IND"]
[SourceTitle "playchess.com"]
[Source "ChessBase"]
[SourceQuality "1"]

{[%evp 19,111,11,8,0,12,-29,-20,-68,-36,-68,-9,-46,-60,-73,-10,-16,-36,-27,43,42,109,112,200,199,237,245,266,260,260,255,242,245,312,293,300,263,410,253,410,383,435,434,433,433,431,433,429,391,449,422,579,551,650,490,642,630,769,769,752,732,719,648,799,749,700,650,687,679,662,621,873,872,722,663,29955,29958,12790,12790,29945,29945,29968,29969,29978,29979,29980,29981,29985,29986,29986,29987,29988,29989,29995,29994]} 1. e4 e5 2. Nf3 Nc6 3. Bb5 a6 4. Ba4 Nf6 5. O-O Be7 6. Re1 b5 7. Bb3 O-O 8. a4 Bb7 9. c3 d5 10. exd5 {C88: Closed Ruy Lopez: Anti-Marshall Systems} (10. axb5 axb5 11. Rxa8 Bxa8 12. exd5 Nxd5 13. g3 Bc5 14. Qe2 Nf6 15. Qxb5 Bb6 16. Nxe5 Nxe5 17. Rxe5 Bxf2+ 18. Kxf2 Ng4+ 19. Kg1 Nxe5 20. Qxe5 Qd3 {0-1 (33) Savchenko,B (2613)-Dubov,D (2648) Sochi 2016}) 10... Nxd5 {LiveBook: 24 Games} 11. d4 exd4 12. Nxd4 {The position is equal.} Nxd4 13. Qxd4 c5 (13... Re8 $5 {[%cal Re7c5]} 14. Qd1 Bc5 15. Rxe8+ Qxe8 16. axb5 axb5 17. Rxa8 Bxa8 $15) 14. Qg4 $146 ({Predecessor:} 14. Qd1 c4 15. Bc2 Bc5 16. axb5 Qf6 17. Rf1 axb5 18. Rxa8 Bxa8 19. Qh5 h6 20. Qf5 Qxf5 21. Bxf5 {0-1 (41) Steger,E (1888)-Lin,M (2054) San Francisco 2012}) 14... c4 (14... Re8 $15 15. axb5 axb5 16. Rxa8 Qxa8) 15. Bc2 (15. Bh6 $5 {[%cal Rg4g7]} Bf6 16. Bc2 $11) 15... Bc5 16. Bg5 Re8 (16... Qb6 $17 17. Rf1 Rfe8) 17. Nd2 $11 {[%cal Bb1d2,Bd2e4,Be4g5][%mdl 32]} Qb6 18. Ne4 Be7 ({Better is} 18... Bf8 $11) 19. axb5 $40 {[%mdl 128] White has some attack.} Bxg5 (19... Bf8 $14) 20. Nxg5 $16 Nf6 (20... h6 $16) 21. Qxc4 $18 Bd5 22. Bxh7+ Nxh7 23. Qxd5 Nxg5 24. Qxg5 Rxe1+ 25. Rxe1 Qxb5 26. Qxb5 axb5 {[%mdl 4096] Endgame KR-KR} 27. g3 Ra2 (27... Kf8 $142 28. Re5 Rb8) 28. Re8+ Kh7 29. b4 Rc2 30. Rc8 Kg6 31. Kg2 Kf5 32. Kf3 Ke5 33. Ke3 Kd5 34. h4 {[%cal Bh2h4,Bh4h5][%mdl 32]} Ke5 35. g4 Rc1 36. Rc7 Ke6 37. h5 Rg1 38. Kf4 Rf1 39. f3 Rc1 40. Rc6+ Kd5 41. Rc5+ Ke6 42. g5 Rh1 43. h6 gxh6 44. Rc6+ Kd7 45. Rxh6 Rc1 46. Rf6 Rxc3 47. Rxf7+ Ke6 48. Rf6+ Ke7 49. Rb6 {White mates.} Rc4+ 50. Ke5 Rxb4 51. Rb7+ Kf8 52. f4 Rb1 53. Kf6 {[%cal Rb7b8]} Ke8 54. g6 {[%cal Bg5g6,Bg6g7][%mdl 32]} Rf1 55. g7 {[%cal Rg7g8]} Rxf4+ 56. Kg5 {Precision: White = 70%, Black = 28%.} 1-0

[Event "AICF Women GM 2018"]
[Site "Mumbai"]
[Date "2018.06.13"]
[Round "2"]
[White "Monnisha G K"]
[Black "Munguntuul, Batkhuyag"]
[Result "0-1"]
[WhiteElo "2295"]
[BlackElo "2410"]
[Annotator "TA"]
[PlyCount "186"]
[EventDate "2018.??.??"]
[EventType "tourn"]
[EventCountry "IND"]
[SourceTitle "playchess.com"]
[Source "ChessBase"]
[SourceQuality "1"]

{[%evp 27,185,22,34,12,19,12,104,109,107,90,147,118,106,20,117,103,110,116,138,58,68,66,64,59,49,52,63,62,57,68,67,26,72,29,42,30,71,96,105,101,91,89,103,29,23,35,93,0,12,0,81,-81,-76,-152,-164,-276,-254,-243,-47,-275,-265,-275,-266,-275,-275,-279,-289,-300,-315,-431,-424,-439,-430,-431,-431,-430,-429,-635,-422,-635,-635,-635,-635,-635,-635,-635,-635,-635,-635,-635,-635,-635,-412,-1097,-1039,-29936,-5318,-29947,-29947,-29963,-29965,-29961,-29958,-29967,-29968,-29968,-12819,-12820,-4689,-29971,-29960,-29973,-29970,-29969,-29972,-29973,-29971,-29987,-29983,-29983,-29984,-29984,-29985,-29985,-29986,-29987,-29987,-29987,-29983,-29983,-29977,-29975,-29976,-29988,-29985,-29989,-29989,-29989,-29987,-29989,-29990,-29990,-4137,-29991,-29992,-29992,-29992,-29993,-29994,-29994,-29995,-29995,-29996,-29996,-29997,-29997,-29998,-29998,-29999,-29999]} 1. e4 c5 2. Nf3 e6 3. d4 cxd4 4. Nxd4 Nc6 5. Nc3 Qc7 6. Be2 a6 7. Be3 Nf6 8. O-O Be7 9. f4 d6 10. Kh1 O-O 11. a4 Bd7 12. Nb3 Rac8 {B85: Sicilian Scheveningen: 6 Be2 a6, lines with early Be3} (12... b6 13. Bf3 Rab8 14. g4 Bc8 15. g5 Nd7 16. Bg2 Re8 17. Rf3 g6 18. Rh3 Bf8 19. Qe1 Bg7 20. Qh4 Nf8 21. f5 Bxc3 22. f6 h5 23. bxc3 e5 24. Rg3 Nd8 {1-0 (32) Vachier Lagrave,M (2758)-Movsesian,S (2658) Berlin 2015}) 13. Bf3 Nb4 14. a5 e5 {LiveBook: 13 Games. The position is equal.} 15. g4 {[%cal Bg2g4,Bg4g5][%mdl 32]} d5 $146 {Strongly threatening ...d4.} ({Predecessor:} 15... exf4 16. Bxf4 Bc6 17. Rf2 Bd7 18. Nd4 Ne8 19. Nf5 Be6 20. Ra4 Nc6 21. Nd5 Bxd5 22. exd5 {½-½ (43) Zakharov,V (2410)-Korobov,A (2165) Kharkov 1998}) 16. Bb6 Qb8 (16... Qd6 $11) 17. g5 $16 Ne8 18. exd5 ({Of course not} 18. Nxd5 $6 Nxd5 19. exd5 (19. Qxd5 Bb5 $11) 19... exf4 $14) 18... exf4 (18... Bf5 $142) 19. Qe2 Bd6 20. Be4 (20. Rac1 $1 $16) 20... f5 (20... g6 $1 $11 {remains equal.}) 21. Bf3 Rf7 22. Rfe1 Nc7 23. Nc5 (23. Qd2 $16) 23... Be8 $1 $14 24. Qf2 Na8 $1 {[%cal Ra8b6]} 25. Ne6 Nxb6 26. axb6 Re7 27. Re2 Bd7 28. Rae1 Rce8 29. g6 Bxe6 30. gxh7+ (30. dxe6 {keeps more tension.} Qc8 31. Qg2 h6 32. Na4 Kh8 33. b3) 30... Kh8 $1 31. Rxe6 Qc8 32. Rxe7 $1 Rxe7 33. Rxe7 Bxe7 34. Qe2 $1 {[%cal Re2e7]} Bd6 35. Qe6 (35. Bh5 $1 $16) 35... Qf8 $11 36. Bd1 Kxh7 (36... f3 $14) 37. Ne2 ({White should try} 37. Bh5 $1 $16 {And now Ne4! would win.} Qf6 38. Qxf6 gxf6 39. Bd1) 37... g6 $1 38. Nd4 Qe7 (38... Bc5 $1 $11 39. c3 Bxd4 40. cxd4 Qg7) 39. c3 $2 (39. Bf3 $16 {keeps the pressure on.}) 39... Nd3 $1 $17 {[%cal Rd3f2] aiming for ...Nf2+.} 40. Bc2 (40. Bf3 $142) 40... Nxb2 41. Bxf5 {[#]} (41. Bb3 {was necessary.}) 41... Qxe6 $1 $19 ({Weaker is} 41... gxf5 42. Qxf5+ Kh6 43. Qh3+ Kg6 44. Qf5+ Kg7 45. Ne6+ Kh8 46. Qh5+ Qh7 47. Qe8+ Qg8 48. Qh5+ Qh7 49. Qe8+ Qg8 50. Qh5+ Qh7 $11) 42. Bxe6 $17 {[%mdl 4096] Endgame KBN-KBN} Na4 $2 (42... a5 $19 {Threatens to win with ...a4.} 43. Bc8 Nc4 44. Bxb7 Nxb6) 43. Bc8 $2 (43. Nb3 $1 $15) 43... Nxb6 $19 44. Bxb7 {[#]} a5 $1 {[%cal Ba6a5,Ba5a4,Ba4a3,Ba3a2][%mdl 32]} 45. Kg2 a4 46. Kf3 a3 47. Nc2 a2 48. Ba6 Nxd5 49. Bc8 Nxc3 50. Be6 Kg7 51. Bc4 Kh6 52. Kg4 (52. h3 $142) 52... Be5 53. Bb3 {[#]} (53. h3 $142) 53... f3 $1 54. Kxf3 Bxh2 55. Kg4 Bd6 56. Be6 g5 57. Bb3 Bf4 58. Be6 Bc1 59. Bb3 Bb2 60. Bxa2 (60. Bc4 $142) 60... Nxa2 61. Ne3 Bc1 (61... Kg6 $142 62. Nd5 Nc3 63. Ne7+ Kf6 64. Nc6 Nd5 65. Na5 Bd4 66. Nb3 Bb6 67. Nc1 Ne3+ 68. Kf3 Kf5 69. Kg3 g4 70. Nd3 Nd1 71. Nc1 Bf2+ 72. Kg2 Bh4 73. Kg1 Kf4 74. Ne2+ Ke3 75. Nc1 Kf3 76. Nd3 Bf2+ 77. Kh2 g3+ 78. Kh3 Ne3 79. Ne5+ Ke4 80. Nf7 g2 81. Ng5+ Ke5 82. Nf3+ Kf4 83. Nd4 g1=N+ 84. Kh2 Ng4+ 85. Kg2 Bxd4 86. Kh1 Ne2 87. Kg2 Ng3 88. Kh3 Kf3 89. Kh4 Bf6+ 90. Kh3 Nf2+ 91. Kh2 Bd4 92. Kg1 Ng4#) 62. Nf5+ Kg6 63. Ng3 Nc3 64. Nf5 Nd5 65. Nd4 Nf6+ 66. Kg3 Bf4+ (66... Be3 $142 67. Nb3 Kf5 68. Na5 g4 69. Nc6 Nd5 70. Na5 Bb6 71. Nc6 Bc7+ 72. Kf2 Kf4 73. Kg2 Bb6 74. Kh2 Bf2 75. Kg2 g3 76. Kf1 Bc5 77. Kg2 Ne3+ 78. Kg1 Nf5+ 79. Kf1 Nh4 80. Ke2 g2 81. Kd2 g1=Q 82. Kc3 Qc1+ 83. Kb3 Nf3 84. Ka4 Qc4+ 85. Ka5 Qb3 86. Nd8 Qb6+ 87. Ka4 Qb4#) 67. Kf3 Be5 68. Ne2 Kf5 69. Kg2 Ke4 70. Ng1 g4 71. Ne2 Ke3 72. Ng1 Ne4 73. Nh3 gxh3+ 74. Kxh3 Kf3 75. Kh4 Bd6 76. Kh5 Kf4 77. Kg6 Be5 78. Kf7 Kf5 79. Ke7 Nc5 80. Kf7 Bd6 {[%cal Be5d6,Bd6e7,Be7f6,Bf6g5,Bg5h6,Bh6g7][%mdl 32]} 81. Kg7 Ke6 82. Kg6 Ne4 83. Kg7 Be7 84. Kg6 Nd6 (84... Bf6 $142 85. Kh5 Kf5 86. Kh6 Ng5 87. Kh5 Ne6 88. Kh6 Bg5+ 89. Kh7 Kf6 90. Kg8 Kg6 91. Kh8 Kf7 92. Kh7 Nf8+ 93. Kh8 Bf6#) 85. Kg7 Kf5 {[%cal Be6f5,Bf5g5,Bg5g6][%mdl 32] Black mates.} 86. Kh6 Bf6 87. Kh7 Kg5 88. Kg8 Kg6 89. Kf8 Bg5 90. Kg8 Bh6 91. Kh8 Ne4 92. Kg8 Nf6+ 93. Kh8 Bg7# {Precision: White = 36%, Black = 65%.} 0-1

[Event "AICF Women GM 2018"]
[Site "Mumbai"]
[Date "2018.06.13"]
[Round "2"]
[White "Vantika Agrawal"]
[Black "Nakhbayeva, Guliskhan"]
[Result "0-1"]
[WhiteElo "2279"]
[BlackElo "2323"]
[Annotator "TA"]
[PlyCount "92"]
[EventDate "2018.??.??"]
[EventType "tourn"]
[EventCountry "IND"]
[SourceTitle "playchess.com"]
[Source "ChessBase"]
[SourceQuality "1"]

{[%evp 9,92,3,19,14,46,18,51,51,70,49,56,37,76,54,77,54,53,40,58,53,64,60,72,72,74,72,56,27,74,74,87,39,43,38,64,57,34,13,11,14,0,0,0,-8,-21,0,0,0,0,0,-18,-136,-123,-276,-299,-286,-278,-272,-237,-271,-260,-233,-208,-292,-241,-405,-328,-502,-497,-494,-489,-474,-471,-447,-362,-425,-390,-651,-664,-1244,-1256,-4825,-3048,-4570,-3881]} 1. Nf3 Nf6 2. g3 b5 3. Na3 a6 4. c4 (4. b3 e6 5. c4 bxc4 6. bxc4 c5 7. Bg2 Bb7 8. Rb1 Bc6 9. O-O Be7 10. d3 O-O 11. Nc2 {½-½ (91) Duda,J (2717)-Georgiev,K (2623) Riadh 2017}) 4... c6 5. Bg2 d5 6. b3 {A05: Réti Opening: 1 Nf3 Nf6} Bg4 7. O-O Bxf3 $146 ({Predecessor:} 7... Nbd7 8. Bb2 e6 9. Nc2 Qb6 10. cxd5 cxd5 11. Rc1 {½-½ (80) Odendahl,R (2286)-Stark,L (2430) Germany 2011}) 8. exf3 {White is slightly better.} Nbd7 9. d4 g6 10. Nc2 e6 11. c5 Bg7 12. Nb4 Qc8 13. Be3 O-O 14. Qd2 e5 15. dxe5 Nxe5 16. Bd4 Ned7 17. Bh3 a5 18. Nd3 Qb7 19. Rae1 Rfe8 20. Qb2 {[#] Bxd7 is the strong threat.} Nh5 21. f4 Re4 22. Bxg7 Nxg7 23. f3 Ree8 24. Bxd7 Qxd7 25. Ne5 Qa7 26. Ng4 Qxc5+ 27. Kg2 Rxe1 28. Rxe1 {Threatens to win with Nh6+.} d4 {[%cal Bd5d4,Bd4c3][%mdl 32]} 29. Nf6+ $1 Kh8 30. Re5 (30. Rc1 $11 Qa7 31. Rxc6) 30... Qc3 $17 31. Qxc3 $2 (31. Qb1 $17) 31... dxc3 {[%mdl 4096] Endgame KRN-KRN} 32. Rc5 {[#]} b4 $1 33. Rxc6 Nf5 34. g4 Nd4 35. Rc4 Rd8 36. g5 (36. Kf2 {was called for.}) 36... Kg7 37. h4 $2 (37. Kf2 {was worth a try.}) 37... h6 38. h5 (38. Ne4 $142) 38... gxh5 $19 39. Nxh5+ Kg6 40. Ng3 hxg5 41. fxg5 Kxg5 42. Rc5+ f5 {Strongly threatening ...Ne6.} 43. Ne4+ $2 (43. Kf2) 43... Kf4 {Black is clearly winning.} 44. Nf6 Ke3 45. Rxa5 c2 46. Rc5 Kd2 {Precision: White = 30%, Black = 66%.} 0-1

[Event "AICF Women GM 2018"]
[Site "Mumbai"]
[Date "2018.06.13"]
[Round "2"]
[White "Divya Deshmukh"]
[Black "Zozulia, Anna"]
[Result "0-1"]
[WhiteElo "2138"]
[BlackElo "2314"]
[Annotator "TA"]
[PlyCount "96"]
[EventDate "2018.??.??"]
[EventType "tourn"]
[EventCountry "IND"]
[SourceTitle "playchess.com"]
[Source "ChessBase"]
[SourceQuality "1"]

{[%evp 11,96,-6,20,25,23,22,15,4,14,21,31,17,25,0,2,0,0,0,81,82,78,72,110,41,47,0,0,0,0,0,0,-11,-16,-39,-35,-57,-52,-57,-54,-183,-79,-110,-56,-61,-59,-89,0,-68,0,-52,-45,-64,-53,-59,-52,-52,0,-47,-41,-52,0,0,0,-38,-30,-125,-120,-120,-115,-102,-105,-125,-112,-968,0,-958,-955,-951,-911,-5114,-3163,-29988,-29989,-29988,-29989,-29997,-29998]} 1. e4 c5 2. Nf3 Nc6 3. d4 cxd4 4. Nxd4 e5 5. Nf3 Nf6 6. Bc4 Be7 {LiveBook: 3 Partien} 7. O-O {B32: Sizilianisch (Löwenthal-Variante)} (7. Nc3 d6 8. Bg5 O-O 9. Bxf6 Bxf6 10. h3 Be6 11. Bb3 Nd4 12. O-O Qb6 13. Nxd4 exd4 14. Nd5 Bxd5 15. Bxd5 Rac8 {0-1 (34) Vulevic,V (2321)-Nikac,P (2342) Tivat 2011}) 7... O-O 8. Qe2 d6 9. h3 {Die Stellung ist ausgeglichen.} a6 10. Nc3 b5 11. Bb3 h6 $146 ({Vorgänger:} 11... Be6 12. Rd1 Qc7 13. Bg5 Rac8 14. Bxf6 Bxf6 {1-0 (58) Trost,H (1910)-Seuffert,G (1958) Rieneck 1993}) 12. Be3 Be6 13. Rfd1 Qc7 14. Nh4 Nxe4 (14... Na5 $11) 15. Nxe4 $16 {Droht Lxe6 und aus.} Bxb3 16. cxb3 Bxh4 17. Qg4 (17. Rxd6 Be7 $14) (17. Rac1 $16 Be7 18. Qf3) 17... Bg5 $1 $14 18. Bxg5 {Beabsichtigt Sf6+! und Matt.} f5 19. Qh4 fxe4 20. Be3 Ne7 $36 {[%mdl 2048] Schwarz hat Initiative.} 21. Qxe4 d5 22. Qg4 Rf6 23. Rac1 Qb7 $1 {Und ...Tg6 würde nun gewinnen.} 24. Bc5 Ng6 25. h4 (25. g3 $15) 25... Qf7 (25... Nf4 $1 $19 {ist viel giftiger. Weiss muss nun ...Tg6 beachten.} 26. Qf3 Qd7) 26. g3 d4 (26... Nf4 $1 $17 27. Rd2 Rg6) 27. Qe4 Re8 28. Rc2 {[#]} Nf8 (28... Nf4 $1 $17 {[%cal Rf4h3][%mdl 512] Droht stark ...Sh3+.} 29. Rf1 (29. gxf4 exf4 30. Qd3 Qh5 $17) 29... Qg6 30. Qxg6 Rxg6) 29. Re2 (29. Bb4 $11) 29... Rfe6 (29... Nd7 $15 30. Bb4 (30. Bxd4 $2 Rd6 $19) 30... Rg6) 30. b4 ({Besser ist} 30. Bxf8 $11 Qxf8 31. f3) 30... Nd7 31. Rde1 Nf6 32. Qf5 {Mit der Idee Lxd4!} Nd5 33. Qd3 Nf6 (33... Kh8 $15) 34. Qb3 Ng4 35. Qd5 Nf6 36. Qb3 Ng4 37. Qd5 $1 h5 38. Qe4 {[#]} (38. Rd1 $11) 38... Rd8 $1 $17 39. Rd2 Rf6 {[%cal Rf6f2,Be6f6,Bf6f5,Bf5f1][%mdl 32]} 40. Ree2 g6 ({Nur nicht} 40... Qxa2 $2 41. f3 $18) 41. f4 Rf5 42. fxe5 $2 {[%mdl 8192]} (42. Re1 $17) 42... Rf1+ $19 43. Kg2 {[#] zielt auf e6 ab.} Rh1 $1 {[%csl Gh1][%cal Rf7f1][%mdl 512]} 44. Qf4 (44. Kxh1 Qf1#) 44... Qd5+ 45. Re4 Rh2+ 46. Kf3 Rxd2 {Schwarz setzt Matt.} 47. Qxd2 Nxe5+ 48. Kf4 Qf7+ {Precision: Weiß = 31%, Schwarz = 54%.} 0-1

[Event "AICF Women GM 2018"]
[Site "Mumbai"]
[Date "2018.06.13"]
[Round "3"]
[White "Munguntuul, Batkhuyag"]
[Black "Vantika Agrawal"]
[Result "1/2-1/2"]
[WhiteElo "2410"]
[BlackElo "2279"]
[Annotator "TA"]
[PlyCount "85"]
[EventDate "2018.??.??"]
[EventType "tourn"]
[EventCountry "IND"]
[SourceTitle "playchess.com"]
[Source "ChessBase"]
[SourceQuality "1"]

{[%evp 29,85,9,24,22,42,-8,-6,-42,4,-48,-39,-38,-42,-58,-52,-81,-74,-100,-102,-99,-73,-61,-75,-73,-66,-66,-62,-91,-45,-55,-45,-46,-36,-62,-65,-61,-46,-81,-79,-114,-95,-106,-95,-104,-99,-109,-106,-166,-204,-187,-198,-225,0,-144,0,-200,0,-148]} 1. e4 c5 2. Nf3 Nc6 3. d4 cxd4 4. Nxd4 Nf6 5. Nc3 e5 6. Ndb5 {[%cal Bd4b5,Bb5a3,Ba3c2][%mdl 32]} d6 7. Bg5 a6 8. Na3 b5 {[%cal Bb7b5,Bb5b4][%mdl 32]} 9. Nd5 Be7 10. Bxf6 Bxf6 11. c4 b4 {B33: Sicilian: Pelikan and Sveshnikov Variations} 12. Nc2 O-O 13. g3 a5 (13... Rb8 14. b3 Be6 15. h4 Rb7 16. Rc1 a5 17. Bh3 Bxd5 18. cxd5 Na7 19. Bf1 {1-0 (78) Morozevich,A (2665)-Dubov,D (2701) Moscow 2018}) 14. Bg2 Bg5 15. O-O Be6 {LiveBook: 70 Games} 16. b3 Ne7 17. f4 Bxd5 18. cxd5 $146 ({Predecessor:} 18. fxg5 Be6 19. h4 {½-½ (53) Abdumalik,Z (2405)-Harika,D (2543) Doha 2016}) 18... Bf6 {White must now prevent ...exf4.} 19. Rb1 ({White should play} 19. f5 $11) 19... Qb6+ 20. Kh1 Rac8 21. Qd2 Rc3 22. Rf3 exf4 23. gxf4 Rxf3 24. Bxf3 Bc3 25. Qe3 Qxe3 26. Nxe3 Bd2 27. Nc4 Bxf4 28. Nxa5 Rc8 29. Nc4 Ng6 30. Rf1 Be5 31. Rf2 Nf4 32. Bg4 Rc7 33. Rd2 f6 34. Kg1 g6 {[%cal Bg7g6,Bg6g5,Bg5g4][%mdl 32]} 35. Bd1 Kg7 36. Kf2 h5 37. Rc2 g5 38. Ke3 {[#]} (38. Na5 $17 Nd3+ 39. Kf1 Rxc2 40. Bxc2) 38... g4 $1 $19 39. Rf2 Nh3 40. Rc2 Nf4 41. Rf2 $1 {[#]} Nh3 (41... Ng6 $1 $17) 42. Rc2 Nf4 43. Rf2 $1 {Precision: White = 44%, Black = 69%.} 1/2-1/2

[Event "AICF Women GM 2018"]
[Site "Mumbai"]
[Date "2018.06.13"]
[Round "3"]
[White "Vo, Thi Kim Phung"]
[Black "Tomilova, Elena"]
[Result "1-0"]
[WhiteElo "2376"]
[BlackElo "2334"]
[Annotator "NA"]
[PlyCount "89"]
[EventDate "2018.??.??"]
[EventType "tourn"]
[EventCountry "IND"]
[SourceTitle "playchess.com"]
[Source "ChessBase"]
[SourceQuality "1"]
[TimeControl "40/5400+30:1800+30"]

1. d4 {[%emt 0:00:00]} e6 {[%emt 0:00:05]} 2. c4 {[%emt 0:00:05]} Nf6 {[%emt 0:00:06]} 3. Nc3 {[%emt 0:00:13]} Bb4 {[%emt 0:00:05]} 4. Qc2 {[%emt 0:00:08]} d5 {[%emt 0:00:05]} 5. cxd5 {[%emt 0:00:23]} exd5 {[%emt 0:00:06]} 6. Bg5 {[%emt 0:00:15]} h6 {[%emt 0:00:06]} 7. Bh4 {[%emt 0:00:06]} g5 {[%emt 0:00:08] LiveBook: 38 Games E35: Nimzo-Indian: Classical: 4...d5 5 cxd5 exd5} (7... c5 8. dxc5 g5 9. Bg3 Ne4 10. e3 Nc6 11. Bd3 Nxg3 12. hxg3 d4 13. exd4 Qxd4 14. Nf3 Qxc5 15. O-O Be6 16. Rfc1 g4 17. Ne1 O-O-O 18. Be4 Kb8 {½-½ (27) Giri,A (2777)-Karjakin,S (2778) Shamkir 2018}) 8. Bg3 {[%emt 0:00:01]} Nc6 {[%emt 0:00:07]} 9. e3 {[%emt 0:01:25]} h5 {[%emt 0:00:07]} 10. h4 {[%emt 0:20:51]} Ne4 {[%emt 0:01:56]} 11. Bh2 {[%emt 0:02:20]} Bf5 {[%emt 0:00:32]} 12. Bd3 {[%emt 0:00:45]} gxh4 {[%emt 0:00:10]} 13. Nge2 {[%emt 0:10:10]} Nxc3 $146 {[%emt 0:15:16]} (13... Qg5 $11 {keeps the balance.} 14. Rg1 Ba5) ({Predecessor:} 13... Qe7 14. O-O-O Nxc3 15. Nxc3 Bxd3 16. Rxd3 {0-1 (30) Finsterwalder,S (2130)-Zatonskih,A (2443) Caleta 2017}) 14. Bxf5 {[%emt 0:03:33]} Ne4+ {[%emt 0:02:19] [#]} 15. Nc3 $1 {[%emt 0:00:22]} Qe7 {[%emt 0:00:16]} 16. Kf1 {[%emt 0:05:21]} Bxc3 {[%emt 0:13:53]} 17. bxc3 $16 {[%emt 0:00:17]} Kf8 {[%emt 0:00:21]} 18. Rb1 {[%emt 0:04:12]} b6 {[%emt 0:00:42]} 19. Rb5 {[%emt 0:02:39]} Rd8 {[%emt 0:03:04]} 20. Bxe4 {[%emt 0:08:38]} dxe4 {[%emt 0:00:57]} 21. Bf4 {[%emt 0:00:47]} a6 {[%emt 0:04:14]} 22. Bg5 {[%emt 0:01:54]} Qd7 {[%emt 0:06:45]} 23. Rb1 {[%emt 0:02:09]} Re8 {[%emt 0:00:32]} 24. Rxh4 {[%emt 0:00:32]} Qd5 {[%emt 0:03:49]} 25. Bf4 {[%emt 0:00:17]} Na5 {[%emt 0:02:55]} 26. Qe2 {[%emt 0:04:33]} Nc4 {[%emt 0:07:18]} 27. Bxc7 {[%emt 0:05:08]} b5 {[%emt 0:00:07]} 28. Bf4 {[%emt 0:00:51]} Kg7 {[%emt 0:05:58]} 29. g3 {[%emt 0:00:40]} Nb6 {[%emt 0:07:01]} 30. Bc7 {[%emt 0:10:09]} Na4 {[%emt 0:02:49]} 31. Ba5 {[%emt 0:01:25]} Rc8 {[%emt 0:02:02]} 32. Kg2 {[%emt 0:02:52]} Nxc3 {[%emt 0:09:10]} 33. Bxc3 {[%emt 0:00:02]} Rxc3 {[%emt 0:00:03]} 34. Rbh1 {[%emt 0:00:10]} Kg6 {[%emt 0:02:02]} 35. g4 {[%emt 0:01:28]} Ra3 {[%emt 0:01:05]} 36. Rxh5 {[%emt 0:05:02]} Rxh5 {[%emt 0:00:09]} 37. Rxh5 {[%emt 0:00:11]} Qxa2 {[%emt 0:01:36]} 38. Qe1 {[%emt 0:00:18]} Qe6 {[%emt 0:03:38]} 39. Rf5 {[%emt 0:00:16]} f6 {[%emt 0:03:30]} 40. Qh1 {[%emt 0:03:32]} Rc3 {[%emt 0:32:35]} 41. d5 {[%emt 0:33:25]} Qf7 {[%emt 0:00:00]} 42. Rh5 {[%emt 0:00:00]} Qg7 {[%emt 0:00:00]} 43. Rh8 {[%emt 0:00:00]} Kf7 {[%emt 0:00:00]} 44. Qh5+ {[%emt 0:00:00]} Ke7 {[%emt 0:00:00]} 45. Rh7 {[%emt 0:00:00]} 1-0

[Event "AICF Women GM 2018"]
[Site "Mumbai"]
[Date "2018.06.13"]
[Round "3"]
[White "Nakhbayeva, Guliskhan"]
[Black "Aakanksha Hagawane"]
[Result "1-0"]
[WhiteElo "2323"]
[BlackElo "2297"]
[Annotator "NA"]
[PlyCount "67"]
[EventDate "2018.??.??"]
[EventType "tourn"]
[EventCountry "IND"]
[SourceTitle "playchess.com"]
[Source "ChessBase"]
[SourceQuality "1"]
[TimeControl "40/5400+30:1800+30"]

1. d4 {[%emt 0:00:00]} Nf6 {[%emt 0:00:10]} 2. c4 {[%emt 0:00:00]} g6 {[%emt 0:00:07]} 3. Nc3 {[%emt 0:00:00]} d5 {[%emt 0:00:07]} 4. cxd5 {[%emt 0:00:00]} Nxd5 {[%emt 0:00:06]} 5. e4 {[%emt 0:00:00]} Nxc3 {[%emt 0:00:10]} 6. bxc3 {[%emt 0:00:01]} Bg7 {[%emt 0:00:06]} 7. Qa4+ {[%emt 0:00:04]} Nd7 {[%emt 0:02:33]} 8. Nf3 {[%emt 0:00:14]} O-O {[%emt 0:00:14]} 9. Be2 {[%emt 0:00:30]} c5 {[%emt 0:01:37]} 10. O-O {[%emt 0:00:08] D85: Exchange Grünfeld: Unusual White 7th moves and lines with 7 Nf3} cxd4 {[%emt 0:04:30]} 11. cxd4 {[%emt 0:00:05]} Nc5 {[%emt 0:00:47]} 12. dxc5 {[%emt 0:01:29]} Bxa1 {[%emt 0:00:14]} 13. e5 {[%emt 0:00:08]} Bc3 {[%emt 0:07:19] LiveBook: 3 Games} 14. Bh6 {[%emt 0:04:24]} Be6 {[%emt 0:03:38] [#]} 15. Rc1 $146 {[%emt 0:12:07]} ({Predecessor:} 15. Qh4 f6 16. Bc4 Bd5 17. Bxf8 Kxf8 {1-0 (36) Sadorra,J (2575)-Garcia,J (2396) Quezon City 2014}) 15... Qa5 {[%emt 0:03:41]} 16. Qh4 {[%emt 0:02:08]} Bb2 {[%emt 0:04:47]} (16... Qxa2 17. Qxe7 Qa4 18. Qf6 Bxe5 19. Nxe5 Qd1+ 20. Bxd1 Bf5 21. Qg7#) (16... Qxc5 $2 17. Bxf8 (17. Bd2 Qb4 $16) 17... Rxf8 18. Ng5 $18) 17. Rc2 {[%emt 0:09:04] [#]} (17. Rd1 $11 Rfe8 18. a4) 17... Qxa2 {[%emt 0:03:14]} (17... Bxe5 $1 $17 {[%mdl 512]} 18. Nxe5 Qe1+ 19. Bf1 Qxe5 20. Bxf8 Kxf8) 18. Qxe7 {[%emt 0:03:13]} Qa1+ $1 {[%emt 0:11:33]} (18... Qb1+ 19. Bf1 $18) 19. Bf1 $11 {[%emt 0:00:07]} Bxe5 {[%emt 0:00:11]} 20. Nxe5 {[%emt 0:03:16]} Qxe5 {[%emt 0:00:04]} 21. Bxf8 {[%emt 0:00:05]} Rxf8 {[%emt 0:00:08]} 22. Qxb7 {[%emt 0:00:15]} a5 {[%emt 0:07:29]} 23. c6 {[%emt 0:07:05]} Qe4 {[%emt 0:05:07]} 24. Rc1 {[%emt 0:06:56]} a4 {[%emt 0:03:32]} 25. Qe7 {[%emt 0:00:15]} Qd4 {[%emt 0:04:12]} 26. c7 {[%emt 0:02:37]} Qb2 {[%emt 0:02:29]} 27. Rd1 {[%emt 0:01:02]} Bc8 {[%emt 0:02:05]} 28. Rd8 {[%emt 0:01:31]} Qg7 {[%emt 0:00:08]} 29. h3 {[%emt 0:01:45]} h5 {[%emt 0:04:52]} 30. Bb5 {[%emt 0:00:59]} Qh6 {[%emt 0:02:37]} 31. Bxa4 {[%emt 0:02:22]} Qc1+ {[%emt 0:00:53]} 32. Bd1 {[%emt 0:00:04]} Qh6 {[%emt 0:00:04]} 33. Qd6 {[%emt 0:01:08]} Qg7 {[%emt 0:02:54]} 34. Ba4 {[%emt 0:01:15]} 1-0